Devinez le Département Mystère #18 - Statistiques

Statistiques générales
  • Ce quiz a été pris 349 fois
  • Le résultat moyen est 28 sur 31
Statistiques - réponses
Type de Réponse Réponse % Correct
Lettre Trouvée E
100%
Lettre de l'Alphabet N
100%
Lettre de l'Alphabet R
100%
Lettre Trouvée A
99%
Lettre de l'Alphabet I
99%
Lettre de l'Alphabet O
98%
Lettre de l'Alphabet S
98%
Lettre de l'Alphabet D
96%
Lettre de l'Alphabet L
95%
Lettre de l'Alphabet T
95%
Lettre de l'Alphabet M
93%
Lettre Trouvée U
93%
Lettre de l'Alphabet C
92%
Lettre de l'Alphabet G
91%
Lettre de l'Alphabet H
91%
Lettre de l'Alphabet V
91%
Lettre Bien Placée E
89%
Lettre de l'Alphabet P
88%
Lettre Bien Placée U
88%
Lettre de l'Alphabet F
86%
Lettre Trouvée B
84%
Lettre de l'Alphabet Y
84%
Lettre de l'Alphabet J
83%
Lettre de l'Alphabet Z
82%
Lettre Bien Placée A
81%
Lettre de l'Alphabet Q
81%
Département Mystère Aube
80%
Lettre Bien Placée B
80%
Lettre de l'Alphabet K
80%
Lettre de l'Alphabet W
80%
Lettre de l'Alphabet X
80%
Aucun quiz correspondant
Distribution des résultats
% des personnes avec chaque résultat
Percentile par nombre de réponses
Votre historique - résultats
Vous n’avez pas pris ce quiz